Online Catalogue and eLibrary

Reversed realities : (Record no. 2622)

MARC details
000 -LEADER
fixed length control field 00459nam a2200169Ia 4500
005 - DATE AND TIME OF LATEST TRANSACTION
control field 20240424023549.0
008 - FIXED-LENGTH DATA ELEMENTS--GENERAL INFORMATION
fixed length control field 240331s9999 xx 000 0 und d
082 ## - DDC Classification
Item Number - Author Mark KAB
Class No. 331.4
100 ## - MAIN ENTRY--PERSONAL NAME
Personal name Kabeer, Naila.
245 #0 - TITLE STATEMENT
Title Reversed realities :
Remainder of title gender hierarchies in development thought
Statement of responsibility, etc. Naila Kabeer.
260 ## - PUBLICATION, DISTRIBUTION, ETC.
Place of publication, distribution, etc. New Delhi :
Name of publisher, distributor, etc. Kali for Women /
Date of publication, distribution, etc. 1995
300 ## - PHYSICAL DESCRIPTION
Extent (e.g. Volumes, Pages etc.) xix, 346 p .,
650 ## - SUBJECT ADDED ENTRY--TOPICAL TERM
Topical term or geographic name entry element Gender
650 ## - SUBJECT ADDED ENTRY--TOPICAL TERM
Topical term or geographic name entry element Women
650 ## - SUBJECT ADDED ENTRY--TOPICAL TERM
Topical term or geographic name entry element Economics
942 ## - Koha item type (Biblio)
Koha item type Books in Stacks (Lending)
Holdings
Lost status Damaged status Collection code Home library Current library Shelving location Date acquired Full call number Accession Number Item type
    Lending WERC Library WERC Library Social Science Cupboard 03/31/2024 331.4 KAB 2119 Books in Stacks (Lending)

© WERC Library